000 00438pab a2200169 454500
008 180718b2010 xxu||||| |||| 00| 0 eng d
100 _aBokare, D.G.
245 _aCan we avoid the present anarchic conditions?
260 _c2010
300 _ap.17-20.
362 _a27 Nov
650 _aEconomic and social development - India
650 _aEconomic and social development
773 _aMainstream
908 _aN
909 _a89936
999 _c89936
_d89936